[Event "20th EUR-ch"]
[Site "Skopje MKD"]
[Date "2019.03.29"]
[Round "11"]
[White "Van Foreest, Lucas"]
[Black "Svane, Rasmus"]
[Result "1/2-1/2"]
[WhiteElo "2515"]
[BlackElo "2610"]
[EventDate "2019.03.18"]
[Board "40"]
[PlyCount "130"]

1.e4 e5 2.Nf3 Nc6 3.Bc4 Bc5 4.d3 Nf6 5.Bg5 h6 6.Bh4 Be7 7.Bg3 d6 8.c3 O-O 
9.O-O g6 10.h3 Nh5 11.Bh2 Bg5 12.d4 Bf4 13.Na3 Bxh2+ 14.Kxh2 Qf6 15.g3 Re8
16.d5 Nb8 17.Be2 Qe7 18.b4 Nf6 19.Qd3 c6 20.c4 Na6 21.Nc2 Bd7 22.dxc6 Bxc6
23.Nd2 Nc7 24.Rac1 Ne6 25.Bf3 a5 26.a3 axb4 27.axb4 Ba4 28.Ne3 Bc6 29.Bg2 
Ra2 30.Nb1 Rea8 31.Nc3 R2a3 32.Nc2 R3a7 33.Rfd1 Ne8 34.h4 Ba4 35.Nb5 Bxb5 
36.cxb5 Ra2 37.Bh3 Qf6 38.Rd2 Kg7 39.Kg2 Rb2 40.Bxe6 Qxe6 41.Ne3 Rxb4 42.
Nd5 Rd4 43.Qe2 Rxd2 44.Qxd2 Rc8 45.b6 Qd7 46.Ra1 Rc4 47.Qd3 Rd4 48.Qc2 Qg4
49.f3 Qd7 50.g4 Nf6 51.Nxf6 Kxf6 52.Qc1 d5 53.Qxh6 dxe4 54.Qh8+ Ke6 55.Ra8
exf3+ 56.Kg3 f2 57.Re8+ Kd6 58.Qf6+ Kc5 59.Rxe5+ Kb4 60.Kxf2 Rd2+ 61.Kg3 
Rd3+ 62.Kh2 Rd2+ 63.Kg3 Rd3+ 64.Kh2 Rd2+ 65.Kg3 Rd3+ 1/2-1/2

[Event "20th EUR-ch"]
[Site "Skopje MKD"]
[Date "2019.03.29"]
[Round "11"]
[White "Blagojevic, Dragisa"]
[Black "Gordievsky, Dmitry"]
[Result "1/2-1/2"]
[WhiteElo "2498"]
[BlackElo "2603"]
[EventDate "2019.03.18"]
[Board "41"]
[PlyCount "115"]

1.d4 Nf6 2.c4 g6 3.Nf3 Bg7 4.g3 d5 5.cxd5 Nxd5 6.Bg2 Nb6 7.Nc3 Nc6 8.e3 e5
9.d5 Ne7 10.e4 c6 11.a4 Bg4 12.a5 Nbc8 13.O-O cxd5 14.exd5 O-O 15.Qa4 Bxf3
16.Bxf3 Nd6 17.Ne4 Nef5 18.Bg5 f6 19.Nxd6 Nxd6 20.Be3 f5 21.Qb4 Rf7 22.
Rac1 e4 23.Be2 Be5 24.f4 exf3 25.Bxf3 Qf6 26.Rc2 a6 27.Bb6 Re8 28.Kg2 h5 
29.Re2 f4 30.gxf4 Bxf4 31.Rxe8+ Nxe8 32.Kh1 Nd6 33.Bg2 Qh4 34.Bg1 Qg5 35.
Qe1 Be5 36.Rxf7 Kxf7 37.Bh3 Qf4 38.b3 Nf5 39.Qe2 Kf6 40.Bg2 Bd4 41.Qc4 Qd2
42.Bxd4+ Qxd4 43.Qxd4+ Nxd4 44.d6 Nc6 45.b4 Ke6 46.b5 Nxa5 47.bxa6 bxa6 
48.Bf1 Nb7 49.Bxa6 Nxd6 50.Bd3 Nf5 51.Kg2 Ke5 52.Kf3 g5 53.h3 Kf6 54.Ba6 
Nd4+ 55.Kg3 h4+ 56.Kg4 Nc6 57.Bc8 Ne5+ 58.Kh5 1/2-1/2

[Event "20th EUR-ch"]
[Site "Skopje MKD"]
[Date "2019.03.29"]
[Round "11"]
[White "Moussard, Jules"]
[Black "Lobanov, Sergei"]
[Result "0-1"]
[WhiteElo "2601"]
[BlackElo "2526"]
[EventDate "2019.03.18"]
[Board "42"]
[PlyCount "136"]

1.Nf3 d5 2.g3 Nf6 3.Bg2 g6 4.O-O Bg7 5.d4 O-O 6.c3 a5 7.a4 c5 8.Bf4 Ne4 9.
Qb3 Nc6 10.dxc5 Nxc5 11.Qa3 b6 12.Rd1 Ba6 13.Ne1 Bc4 14.Be3 Rc8 15.Bxc5 
bxc5 16.b3 Bxe2 17.Rxd5 Qb6 18.Ra2 Ba6 19.Rxc5 Nb4 20.Rxc8 Rxc8 21.Rd2 Qe6
22.Nf3 Bd3 23.h4 Bxb1 24.cxb4 axb4 25.Qxb4 Bc3 26.Qf4 Bxd2 27.Nxd2 Qe1+ 
28.Kh2 Bf5 29.Nc4 Be6 30.h5 Rc5 31.g4 Bxg4 32.hxg6 hxg6 33.a5 Rf5 34.Qe3 
Qxe3 35.Nxe3 Rh5+ 36.Kg3 Bc8 37.b4 Rb5 38.Nd5 Kf8 39.Nb6 Ba6 40.Nd7+ Kg7 
41.Nc5 Rxb4 42.Nxa6 Rb5 43.Nc7 Rxa5 44.f4 Rc5 45.Nd5 e6 46.Ne3 f5 47.Bb7 
Kf6 48.Kf3 g5 49.fxg5+ Kxg5 50.Ba6 Rc3 51.Kf2 e5 52.Bb7 e4 53.Ba8 Ra3 54.
Bb7 Ra2+ 55.Ke1 Kf4 56.Nd5+ Kf3 57.Nf6 Ra1+ 58.Kd2 Ra7 59.Bc6 Ra6 60.Nd7 
Kf2 61.Ne5 e3+ 62.Kc2 Rxc6+ 63.Nxc6 e2 64.Ne5 e1=Q 65.Nd3+ Ke2 66.Nxe1 
Kxe1 67.Kd3 Kf2 68.Kd4 f4 0-1

[Event "20th EUR-ch"]
[Site "Skopje MKD"]
[Date "2019.03.29"]
[Round "11"]
[White "Solak, Dragan"]
[Black "Nasuta, Grzegorz"]
[Result "1/2-1/2"]
[WhiteElo "2601"]
[BlackElo "2517"]
[EventDate "2019.03.18"]
[Board "43"]
[PlyCount "59"]

1.e4 e5 2.Nf3 Nc6 3.Bb5 a6 4.Ba4 Nf6 5.O-O b5 6.Bb3 Bc5 7.c3 d6 8.d4 Bb6 
9.dxe5 Nxe5 10.Nxe5 dxe5 11.Qxd8+ Kxd8 12.Bxf7 Rf8 13.Bd5 Nxd5 14.exd5 Bb7
15.Be3 Bxe3 16.fxe3 Rxf1+ 17.Kxf1 Bxd5 18.Nd2 Ke7 19.e4 Bc6 20.Ke2 Rf8 21.
Ke3 a5 22.g3 h6 23.Rf1 Rxf1 24.Nxf1 Bd7 25.b4 axb4 26.cxb4 Kd6 27.a3 c5 
28.Nd2 cxb4 29.axb4 Be6 30.Nb1 1/2-1/2

[Event "20th EUR-ch"]
[Site "Skopje MKD"]
[Date "2019.03.29"]
[Round "11"]
[White "Fakhrutdinov, Timur"]
[Black "Azarov, Sergei"]
[Result "1/2-1/2"]
[WhiteElo "2485"]
[BlackElo "2585"]
[EventDate "2019.03.18"]
[Board "44"]
[PlyCount "93"]

1.e4 e5 2.Nf3 Nc6 3.d4 exd4 4.Nxd4 Nf6 5.Nxc6 bxc6 6.e5 Qe7 7.Qe2 Nd5 8.c4
Nb6 9.Nc3 Qe6 10.Qe4 d5 11.exd6 Qxe4+ 12.Nxe4 cxd6 13.Bd2 Bf5 14.Ng3 Be6 
15.b3 a5 16.Bd3 d5 17.cxd5 Nxd5 18.O-O Bb4 19.Rfd1 a4 20.bxa4 Rxa4 21.Ne4 
Bxd2 22.Rxd2 Nf4 23.Nc5 Rd4 24.Rad1 Nxd3 25.Nxe6 fxe6 26.Rxd3 Rd5 27.Kf1 
Ke7 28.Ke2 Ra8 29.Ra1 Rb8 30.Rd2 Kd6 31.Rc1 Ra8 32.Rdc2 Re5+ 33.Kd2 Rd5+ 
34.Kc3 g5 35.Kb2 c5 36.Rc4 h5 37.f3 g4 38.fxg4 hxg4 39.Rxg4 Rd2+ 40.Rc2 
Rxa2+ 41.Kxa2 Rxc2+ 42.Kb3 Rc1 43.Kb2 Rh1 44.h4 e5 45.Kc3 Kd5 46.g3 c4 47.
h5 1/2-1/2

[Event "20th EUR-ch"]
[Site "Skopje MKD"]
[Date "2019.03.29"]
[Round "11"]
[White "Santos Latasa, Jaime"]
[Black "Zoler, Dan"]
[Result "1-0"]
[WhiteElo "2582"]
[BlackElo "2513"]
[EventDate "2019.03.18"]
[Board "45"]
[PlyCount "181"]

1.d4 d5 2.c4 c6 3.Nf3 Nf6 4.e3 Bg4 5.h3 Bxf3 6.Qxf3 e6 7.Nc3 Nbd7 8.Bd2 
Bb4 9.Bd3 O-O 10.a3 Ba5 11.O-O e5 12.cxd5 cxd5 13.Qf5 g6 14.Qg5 Re8 15.
dxe5 Rxe5 16.Qf4 Qe7 17.b4 Bb6 18.Rac1 Re8 19.Na4 Ne4 20.Bxe4 Rxe4 21.Qg3 
Rc4 22.Nc3 Qe5 23.Qf3 d4 24.exd4 Rxd4 25.Rce1 Qb8 26.Bh6 Rh4 27.Bf4 Ne5 
28.Qg3 Rh5 29.Ne4 Bd8 30.Nc5 Bc7 31.Qc3 Rf5 32.Bg3 Qc8 33.Ne4 Bb8 34.Qb3 
Qc6 35.Nd2 Rd8 36.Rc1 Qb6 37.Ne4 Nd3 38.Rcd1 Bxg3 39.Rxd3 Rxd3 40.Qxd3 Be5
41.Rd1 Kg7 42.g3 h5 43.h4 a6 44.Rd2 a5 45.b5 a4 46.Kg2 Qe6 47.Nc5 Qe7 48.
Nxa4 Bc7 49.Nb2 Ba5 50.Rc2 Rxb5 51.Re2 Qc5 52.Nc4 Qd5+ 53.Qxd5 Rxd5 54.Re7
b6 55.Rb7 Kg8 56.Nxb6 Rb5 57.Rb8+ Kg7 58.Nd7 Rd5 59.Rb7 Be1 60.Kf1 Bc3 61.
Rc7 Bd4 62.a4 Ra5 63.Rc4 Ba7 64.f4 Rd5 65.Ne5 Rd1+ 66.Ke2 Ra1 67.Rc7 Ra2+ 
68.Kf3 Ra3+ 69.Kg2 Ra2+ 70.Kh3 Bg1 71.Rxf7+ Kg8 72.g4 Bd4 73.Rf6 hxg4+ 74.
Kxg4 Bxe5 75.fxe5 Rxa4+ 76.Kg5 Kh7 77.Rf7+ Kg8 78.Rf4 Ra6 79.Rf6 Ra5 80.
Rxg6+ Kf7 81.Rf6+ Ke7 82.Kf5 Ra1 83.h5 Rf1+ 84.Kg6 Rg1+ 85.Kh6 Rg2 86.Kh7 
Rg5 87.h6 Rxe5 88.Kg7 Rh5 89.Rg6 Rf5 90.h7 Rf7+ 91.Kh6 1-0

[Event "20th EUR-ch"]
[Site "Skopje MKD"]
[Date "2019.03.29"]
[Round "11"]
[White "Yuffa, Daniil"]
[Black "Sanal, Vahap"]
[Result "1/2-1/2"]
[WhiteElo "2582"]
[BlackElo "2511"]
[EventDate "2019.03.18"]
[Board "46"]
[PlyCount "198"]

1.d4 Nf6 2.c4 e6 3.g3 d5 4.Bg2 Be7 5.Nf3 O-O 6.O-O dxc4 7.Qc2 a6 8.a4 Bd7 
9.Bg5 Bc6 10.Rd1 b5 11.Bxf6 Bxf6 12.Nc3 Qe7 13.e4 b4 14.Ne2 b3 15.Qb1 Qb4 
16.Nc3 a5 17.d5 Bb7 18.e5 Be7 19.Rd4 exd5 20.Nxd5 Bxd5 21.Rxd5 c5 22.Qc1 
Nc6 23.Bf1 Qb7 24.Qd1 c3 25.Rd7 Qb4 26.bxc3 Qxc3 27.Rc1 Qb4 28.Bb5 b2 29.
Rb1 Na7 30.Qe2 Nxb5 31.axb5 c4 32.Rxb2 Qc5 33.b6 Rad8 34.Rc7 Qa3 35.Rxc4 
Bb4 36.Kg2 Rb8 37.Nd4 Qa4 38.Rc6 Ba3 39.Rd2 Rfd8 40.Rc4 Qe8 41.Ra2 Bc5 42.
Rxc5 Rxd4 43.Qb5 Rb4 44.Qxe8+ Rxe8 45.Raxa5 Rxb6 46.Ra7 Rbb8 47.Rcc7 Rxe5 
48.Rxf7 Rg5 49.h4 Rg6 50.Rfd7 h5 51.Rf7 Rb5 52.Kh3 Kh7 53.Rf8 Rgb6 54.Raa8
Kg6 55.g4 Rf6 56.Rxf6+ Kxf6 57.g5+ Kf7 58.Kg3 Rb7 59.Ra6 g6 60.Rd6 Kg7 61.
f3 Rb4 62.Rd7+ Kg8 63.Re7 Ra4 64.Re4 Ra5 65.Kf4 Kf7 66.Rb4 Ra7 67.Ke4 Re7+
68.Kd5 Rd7+ 69.Ke5 Re7+ 70.Kf4 Ra7 71.Rc4 Re7 72.Rd4 Ra7 73.Ke5 Re7+ 74.
Kd6 Re6+ 75.Kd5 Re3 76.Rf4+ Kg7 77.Rf6 Ra3 78.Ke5 Ra5+ 79.Kf4 Ra4+ 80.Kg3 
Rb4 81.Rf4 Rb7 82.Rd4 Rf7 83.f4 Ra7 84.f5 gxf5 85.Kf4 Ra5 86.Rd7+ Kg6 87.
Rd6+ Kg7 88.Rh6 Ra4+ 89.Kxf5 Ra5+ 90.Kf4 Ra4+ 91.Kg3 Ra3+ 92.Kf2 Ra2+ 93.
Ke3 Ra3+ 94.Kd2 Ra4 95.Rxh5 Ra6 96.Ke3 Rb6 97.Kd4 Ra6 98.Kc5 Re6 99.Kd5 
Ra6 1/2-1/2

[Event "20th EUR-ch"]
[Site "Skopje MKD"]
[Date "2019.03.29"]
[Round "11"]
[White "Hracek, Zbynek"]
[Black "Goryachkina, Aleksandra"]
[Result "1/2-1/2"]
[WhiteElo "2578"]
[BlackElo "2504"]
[EventDate "2019.03.18"]
[Board "47"]
[PlyCount "123"]

1.e4 c6 2.d4 d5 3.e5 Bf5 4.Nf3 e6 5.Be2 Ne7 6.c3 Ng6 7.Be3 f6 8.exf6 Qxf6 
9.h4 Bd6 10.g3 h6 11.h5 Ne7 12.Ne5 Be4 13.Rh4 Bxb1 14.Ng4 Qf7 15.Qxb1 Nf5 
16.Rh2 Nd7 17.Qd3 O-O-O 18.O-O-O Kb8 19.Kb1 Rhe8 20.Bc1 e5 21.dxe5 Nxe5 
22.Nxe5 Bxe5 23.Qf3 Qd7 24.Qg4 Bc7 25.Bd3 Rf8 26.f4 Rde8 27.Re2 Rxe2 28.
Bxe2 Qe7 29.Bd3 Nd6 30.Rd2 Ne4 31.Re2 a5 32.a4 Bb6 33.Qf3 Re8 34.g4 Qd7 
35.f5 Ka7 36.Bxe4 dxe4 37.Rxe4 Qd5 38.Rf4 Qb3 39.Qd3 Re1 40.Re4 Rg1 41.Qc2
Qd5 42.c4 Qd6 43.Ka2 Rf1 44.Be3 Bxe3 45.Rxe3 Qc5 46.Qd3 Rg1 47.Re4 Rg2 48.
Qc3 Ka6 49.Qd4 Qxd4 50.Rxd4 Kb6 51.Ka3 Kc5 52.Re4 Rg3+ 53.b3 Rg2 54.Re5+ 
Kd4 55.Rxa5 Kc3 56.Re5 Rxg4 57.a5 Rg5 58.Re3+ Kd4 59.Re7 Kc3 60.Re3+ Kd4 
61.Re7 Kc3 62.Re3+ 1/2-1/2

[Event "20th EUR-ch"]
[Site "Skopje MKD"]
[Date "2019.03.29"]
[Round "11"]
[White "Grinberg, Eyal"]
[Black "Maze, Sebastien"]
[Result "1/2-1/2"]
[WhiteElo "2467"]
[BlackElo "2578"]
[EventDate "2019.03.18"]
[Board "48"]
[PlyCount "122"]

1.e4 e5 2.Nf3 Nc6 3.Bb5 Nf6 4.d3 Bc5 5.O-O d6 6.Be3 Bb6 7.a4 O-O 8.Bxc6 
bxc6 9.a5 Bxe3 10.fxe3 Rb8 11.b3 Ng4 12.Qe1 f5 13.exf5 Bxf5 14.e4 Be6 15.
Nc3 c5 16.h3 Nf6 17.Qe3 Nh5 18.Ne2 Nf4 19.Nxf4 Rxf4 20.Kh2 a6 21.Rf2 Qe7 
22.Raf1 Rbf8 23.Qd2 h6 24.b4 cxb4 25.Qxb4 Kh7 26.Kg1 Qe8 27.Ne1 Rxf2 28.
Rxf2 Qb8 29.Qd2 Rxf2 30.Kxf2 Qb2 31.Nf3 c5 32.g4 Bd7 33.c4 Qa1 34.Kg2 Qb1 
35.g5 Ba4 36.gxh6 gxh6 37.Ne1 Qb7 38.Qf2 Qg7+ 39.Kh2 Bd7 40.Ng2 Be6 41.Qb2
Qd7 42.h4 Bh3 43.Ne1 Bf1 44.Kg1 Bh3 45.Qf2 Qg7+ 46.Kh2 Be6 47.Ng2 Qe7 48.
Ne3 Qd8 49.Ng2 Kg7 50.Qe1 Qb8 51.Qg3+ Kh7 52.Qf3 Qd8 53.Qf2 Kg7 54.Qd2 Qb8
55.Ne3 Qd8 56.Kg3 Qf6 57.Ng2 Qf1 58.Qe3 Qh1 59.Kf2 Qd1 60.Qg3+ Kh7 61.Qf3 
Qxf3+ 1/2-1/2

[Event "20th EUR-ch"]
[Site "Skopje MKD"]
[Date "2019.03.29"]
[Round "11"]
[White "Zwardon, Vojtech"]
[Black "Rozum, Ivan"]
[Result "1/2-1/2"]
[WhiteElo "2452"]
[BlackElo "2573"]
[EventDate "2019.03.18"]
[Board "49"]
[PlyCount "57"]

1.c4 Nf6 2.Nc3 c5 3.g3 e6 4.Nf3 b6 5.Bg2 Bb7 6.O-O Be7 7.d4 cxd4 8.Qxd4 d6
9.Rd1 a6 10.b3 Nbd7 11.e4 Qb8 12.Ba3 Nc5 13.e5 dxe5 14.Qxe5 Ncd7 15.Qxb8+ 
Rxb8 16.Bxe7 Kxe7 17.Nd4 Bxg2 18.Kxg2 Rhc8 19.Re1 Kf8 20.Ne4 Nxe4 21.Rxe4 
b5 22.cxb5 axb5 23.a4 bxa4 24.bxa4 Nc5 25.Rh4 Nd3 26.Rd1 Nb2 27.Ra1 Nd3 
28.Rd1 Nb2 29.Ra1 1/2-1/2

[Event "20th EUR-ch"]
[Site "Skopje MKD"]
[Date "2019.03.29"]
[Round "11"]
[White "Djukic, Nikola"]
[Black "Matvyishen, Viktor"]
[Result "0-1"]
[WhiteElo "2572"]
[BlackElo "2490"]
[EventDate "2019.03.18"]
[Board "50"]
[PlyCount "76"]

1.e4 e5 2.Nf3 Nc6 3.Bb5 a6 4.Ba4 Nf6 5.O-O Be7 6.Re1 b5 7.Bb3 O-O 8.c3 d6 
9.h3 Bb7 10.d4 Re8 11.Nbd2 exd4 12.cxd4 Nd7 13.Nf1 Na5 14.Bc2 Bf6 15.Bf4 
Nf8 16.Ng3 Ng6 17.Bc1 Bxd4 18.Nh5 c5 19.Nxd4 cxd4 20.Qxd4 Re5 21.Nf4 Nh4 
22.Nd3 Rg5 23.Bxg5 Qxg5 24.Kf1 Qxg2+ 25.Ke2 Nc4 26.Rg1 Qf3+ 27.Kf1 Qxh3+ 
28.Ke2 Nf5 29.Qc3 Bxe4 30.Ne1 Qh5+ 31.Kf1 Re8 32.Bxe4 Rxe4 33.Rg2 b4 34.
Qc1 Qh1+ 35.Rg1 Qh3+ 36.Rg2 Nfe3+ 37.fxe3 Nxe3+ 38.Kg1 Rf4 0-1

[Event "20th EUR-ch"]
[Site "Skopje MKD"]
[Date "2019.03.29"]
[Round "11"]
[White "Meskovs, Nikita"]
[Black "Repka, Christopher"]
[Result "1-0"]
[WhiteElo "2568"]
[BlackElo "2466"]
[EventDate "2019.03.18"]
[Board "51"]
[PlyCount "65"]

1.Nf3 d5 2.d4 c6 3.c4 e6 4.e3 Nf6 5.Nc3 Bd6 6.Qc2 O-O 7.Bd2 Nbd7 8.h3 Re8 
9.g4 a6 10.g5 Nh5 11.O-O-O g6 12.Rg1 dxc4 13.Ne4 Be7 14.Ne5 Qc7 15.Bxc4 
Ng7 16.h4 b5 17.Be2 Bb7 18.Nxd7 Qxd7 19.Nc5 Bxc5 20.dxc5 e5 21.Ba5 Qe6 22.
b3 Qe7 23.Rd2 Bc8 24.Rgd1 Bh3 25.Qc3 Rac8 26.e4 Bg2 27.Bg4 Ne6 28.f3 Nf4 
29.Bxc8 Rxc8 30.Bd8 Rxd8 31.Rxd8+ Kg7 32.Kb2 b4 33.Qxb4 1-0

[Event "20th EUR-ch"]
[Site "Skopje MKD"]
[Date "2019.03.29"]
[Round "11"]
[White "Eljanov, Pavel"]
[Black "Shubin, Kirill"]
[Result "1-0"]
[WhiteElo "2682"]
[BlackElo "2370"]
[EventDate "2019.03.18"]
[Board "52"]
[PlyCount "63"]

1.d4 e6 2.c4 Nf6 3.Nf3 b6 4.g3 Bb7 5.Bg2 Be7 6.O-O O-O 7.Re1 Na6 8.Nc3 Ne4
9.h4 Nxc3 10.bxc3 Be4 11.Ng5 Bxg2 12.Kxg2 f5 13.Qd3 Qc8 14.e4 Qb7 15.f3 
Rae8 16.exf5 exf5 17.Bf4 Bxg5 18.Bxg5 Qc6 19.h5 h6 20.Bf4 d6 21.c5 bxc5 
22.Rxe8 Rxe8 23.d5 Qa4 24.Qxf5 Qc4 25.Bxh6 Qxc3 26.Rc1 Qf6 27.Qxf6 gxf6 
28.a3 Re5 29.g4 Rxd5 30.f4 Rd2+ 31.Kh3 Rd3+ 32.Kh4 1-0

[Event "20th EUR-ch"]
[Site "Skopje MKD"]
[Date "2019.03.29"]
[Round "11"]
[White "Fressinet, Laurent"]
[Black "Sadikhov, Ulvi"]
[Result "1/2-1/2"]
[WhiteElo "2652"]
[BlackElo "2488"]
[EventDate "2019.03.18"]
[Board "53"]
[PlyCount "147"]

1.e4 c5 2.Nf3 e6 3.d4 cxd4 4.Nxd4 a6 5.Nc3 Qc7 6.g3 Bb4 7.Bd2 Nf6 8.Bg2 
Nc6 9.Nb3 O-O 10.O-O Be7 11.f4 d6 12.g4 Re8 13.g5 Nd7 14.a4 Bf8 15.Kh1 Rb8
16.Qh5 g6 17.Qh4 Nb4 18.Rf3 Bg7 19.Raf1 Qc4 20.Rh3 Nf8 21.e5 b6 22.f5 Qxh4
23.Rxh4 gxf5 24.Rxb4 dxe5 25.Na5 e4 26.Nc4 Nd7 27.Nd6 Rd8 28.Bf4 e5 29.
Nxf5 Bf8 30.Rxe4 exf4 31.Rexf4 Ne5 32.Nd5 Ng6 33.R4f2 Be6 34.c4 b5 35.axb5
axb5 36.b3 bxc4 37.bxc4 Rbc8 38.Nf6+ Kh8 39.Bd5 Ne5 40.Re2 Bxf5 41.Rxf5 
Nxc4 42.Rf3 Nd6 43.Rh3 h6 44.gxh6 Ne8 45.Nxe8 Rxe8 46.Rxe8 Rxe8 47.h7 Re2 
48.Bc4 Rf2 49.Rh5 Bd6 50.h3 Rf4 51.Bd3 Rd4 52.Bf5 Be7 53.Bg4 Rf4 54.Kg2 f5
55.Bf3 Rh4 56.Rxf5 Rxh7 57.Rd5 Bh4 58.Bg4 Rf7 59.Bf5 Kg7 60.Kf3 Bf6 61.Kg4
Rf8 62.Be6 Rd8 63.Rb5 Rd1 64.Kh5 Be7 65.Rf5 Bf6 66.Rf3 Rg1 67.Bg4 Re1 68.
Bf5 Rg1 69.h4 Rh1 70.Bh3 Rd1 71.Be6 Rd4 72.Rg3+ Kf8 73.Kg6 Bxh4 74.Rg4 
1/2-1/2

[Event "20th EUR-ch"]
[Site "Skopje MKD"]
[Date "2019.03.29"]
[Round "11"]
[White "Paravian, David"]
[Black "Ivic, Velimir"]
[Result "1/2-1/2"]
[WhiteElo "2627"]
[BlackElo "2487"]
[EventDate "2019.03.18"]
[Board "54"]
[PlyCount "110"]

1.Nf3 Nf6 2.c4 g6 3.Nc3 d5 4.cxd5 Nxd5 5.h4 Bg7 6.e4 Nxc3 7.dxc3 Qxd1+ 8.
Kxd1 Nd7 9.h5 Nc5 10.h6 Bf8 11.e5 Bg4 12.Bb5+ c6 13.Be2 O-O-O+ 14.Nd4 
Bxe2+ 15.Kxe2 Rd5 16.Nf3 Ne6 17.Be3 a6 18.c4 Rd7 19.b4 f5 20.g3 Rg8 21.b5 
g5 22.bxc6 bxc6 23.Rh5 f4 24.gxf4 gxf4 25.Bb6 Rg6 26.Rg1 Rxg1 27.Nxg1 c5 
28.Nf3 Rb7 29.Ba5 Rb2+ 30.Bd2 Rxa2 31.Kd3 a5 32.Ng5 Nxg5 33.Rxg5 Bxh6 34.
Rh5 Bg7 35.e6 Kb7 36.Rxh7 Bf6 37.Bxf4 Kc6 38.Be3 Kd6 39.Rh5 Bd4 40.Bxd4 
cxd4 41.Kxd4 Rxf2 42.Rxa5 Rf4+ 43.Kc3 Kxe6 44.Rd5 Rf1 45.Kb4 Rc1 46.Kb5 
Kf6 47.c5 e5 48.c6 e4 49.Rd8 Ke5 50.Kb6 e3 51.c7 Ke4 52.c8=Q Rxc8 53.Rxc8 
e2 54.Re8+ Kd3 55.Rxe2 Kxe2 1/2-1/2

[Event "20th EUR-ch"]
[Site "Skopje MKD"]
[Date "2019.03.29"]
[Round "11"]
[White "Van Foreest, Jorden"]
[Black "Zajic, Milan"]
[Result "1-0"]
[WhiteElo "2621"]
[BlackElo "2485"]
[EventDate "2019.03.18"]
[Board "55"]
[PlyCount "71"]

1.e4 e5 2.Nf3 Nc6 3.Bc4 Bc5 4.c3 Nf6 5.d4 exd4 6.e5 d5 7.Bb5 Ne4 8.cxd4 
Bb4+ 9.Bd2 Bd7 10.Bxc6 Bxd2+ 11.Nfxd2 Bxc6 12.O-O Qd7 13.f3 Nxd2 14.Qxd2 
O-O 15.Nc3 f6 16.Rae1 Rae8 17.f4 a5 18.h3 b6 19.Qd3 Bb7 20.f5 fxe5 21.dxe5
d4 22.e6 Qd8 23.Ne2 Qd5 24.Nf4 Qd8 25.Qb3 Qe7 26.Nh5 Qg5 27.g4 Kh8 28.Qg3 
d3 29.Qxd3 Qe7 30.Qe3 Qd6 31.Qc3 Qc5+ 32.Qxc5 bxc5 33.g5 g6 34.e7 Rf7 35.
fxg6 Rxf1+ 36.Rxf1 1-0

[Event "20th EUR-ch"]
[Site "Skopje MKD"]
[Date "2019.03.29"]
[Round "11"]
[White "Quparadze, Giga"]
[Black "Pashikian, Arman"]
[Result "0-1"]
[WhiteElo "2501"]
[BlackElo "2616"]
[EventDate "2019.03.18"]
[Board "56"]
[PlyCount "164"]

1.e4 e5 2.Nf3 Nc6 3.d4 exd4 4.Bc4 Nf6 5.e5 d5 6.Bb5 Nd7 7.O-O Be7 8.Bxc6 
bxc6 9.Nxd4 Nb8 10.Qf3 O-O 11.Nf5 Bxf5 12.Qxf5 Qd7 13.Qd3 Qe6 14.Bf4 Nd7 
15.Qg3 f6 16.exf6 Nxf6 17.Qd3 Ne4 18.Be3 c5 19.Nc3 Nxc3 20.bxc3 c4 21.Qd2 
c5 22.Rae1 Qf5 23.Bd4 Rfe8 24.Be5 Rad8 25.Bc7 Rd7 26.Bg3 Red8 27.Rxe7 Rxe7
28.Bh4 Red7 29.Bxd8 Rxd8 30.Qe2 Qe4 31.Qxe4 dxe4 32.Rc1 Rd2 33.Kf1 Kf7 34.
Rb1 Rxc2 35.Rb5 Rxc3 36.Rxc5 Rc2 37.h4 Ke6 38.h5 Kd6 39.Rc8 c3 40.Ke1 e3 
41.fxe3 Rxg2 42.Rxc3 Rxa2 43.Rc4 Rb2 44.Rd4+ Ke6 45.Ra4 Rb7 46.Ra5 Kd6 47.
Kd2 Kc6 48.Kc3 Kb6 49.Re5 Rc7+ 50.Kb4 Kc6 51.Ra5 Kd6 52.Rg5 Ke6 53.e4 Kf7 
54.Rf5+ Kg8 55.Rg5 Re7 56.e5 Kf7 57.Kc5 Ke6 58.Kd4 a5 59.Kc4 a4 60.Kb4 Ra7
61.Ka3 h6 62.Rg6+ Kxe5 63.Ka2 a3 64.Ka1 a2 65.Rb6 Ke4 66.Rg6 Kf5 67.Rg2 
Kf6 68.Rg6+ Kf7 69.Rg2 Ra5 70.Rf2+ Kg8 71.Rh2 Kh7 72.Rh3 g6 73.hxg6+ Kxg6 
74.Rg3+ Kf5 75.Rh3 Kg5 76.Rg3+ Kf4 77.Rh3 h5 78.Rh4+ Kg5 79.Rc4 h4 80.Rc3 
Ra4 81.Rb3 Kg4 82.Rc3 h3 0-1

[Event "20th EUR-ch"]
[Site "Skopje MKD"]
[Date "2019.03.29"]
[Round "11"]
[White "Goganov, Aleksey"]
[Black "Studer, Noel"]
[Result "1-0"]
[WhiteElo "2610"]
[BlackElo "2479"]
[EventDate "2019.03.18"]
[Board "57"]
[PlyCount "97"]

1.d4 d5 2.c4 dxc4 3.Nf3 e6 4.e3 Nf6 5.Bxc4 a6 6.O-O c5 7.Nc3 b5 8.Be2 Bb7 
9.dxc5 Bxc5 10.Qxd8+ Kxd8 11.Nd2 Ke7 12.Nb3 Bd6 13.Na5 Ra7 14.Nxb7 Rxb7 
15.Bd2 Rc8 16.Rfc1 Rbc7 17.Kf1 Nbd7 18.h3 g5 19.Ke1 h5 20.Nd1 g4 21.hxg4 
hxg4 22.Rxc7 Rxc7 23.a4 b4 24.Bxa6 Nc5 25.Bc4 Nxa4 26.Rxa4 Rxc4 27.b3 Re4 
28.Nb2 g3 29.Nc4 gxf2+ 30.Kxf2 Nd5 31.Ra7+ Bc7 32.Bxb4+ Kd7 33.Ba5 Kc6 34.
Bxc7 Nxc7 35.Kf3 f5 36.g4 Nb5 37.Ra6+ Kc5 38.gxf5 exf5 39.Ra5 Re7 40.Na3 
Kb4 41.Rxb5+ Kxa3 42.Rxf5 Kxb3 43.e4 Kc4 44.Kf4 Re8 45.Rf6 Kd4 46.Rd6+ Kc5
47.e5 Rh8 48.Rd1 Rf8+ 49.Kg5 1-0

[Event "20th EUR-ch"]
[Site "Skopje MKD"]
[Date "2019.03.29"]
[Round "11"]
[White "Donchenko, Alexander"]
[Black "Radovanovic, Mihajlo"]
[Result "1-0"]
[WhiteElo "2593"]
[BlackElo "2483"]
[EventDate "2019.03.18"]
[Board "58"]
[PlyCount "79"]

1.e4 c5 2.Nf3 d6 3.d4 cxd4 4.Nxd4 Nf6 5.Nc3 a6 6.h3 e6 7.g4 h6 8.Bg2 Be7 
9.b3 Nc6 10.Nxc6 bxc6 11.Bb2 e5 12.Qe2 a5 13.O-O-O Ba6 14.Qe1 Qb8 15.Bf1 
Bc8 16.Bc4 Nd7 17.Na4 O-O 18.h4 Nb6 19.Nxb6 Qxb6 20.g5 Be6 21.Bxe6 fxe6 
22.gxh6 Qxf2 23.hxg7 Rf3 24.Qg1 Qxg1 25.Rdxg1 Rf7 26.Rg6 Rf6 27.Rg2 Rf7 
28.Rg6 Rf6 29.Rg4 Rf4 30.Rhg1 Rxg4 31.Rxg4 Kh7 32.Bc3 Rg8 33.Bxa5 Bf6 34.
a4 Bxg7 35.Kd1 Rf8 36.Ke2 d5 37.Bb6 Bf6 38.a5 Ra8 39.h5 Bd8 40.Rg6 1-0

[Event "20th EUR-ch"]
[Site "Skopje MKD"]
[Date "2019.03.29"]
[Round "11"]
[White "Sargsian, Shant"]
[Black "Stocek, Jiri"]
[Result "1-0"]
[WhiteElo "2488"]
[BlackElo "2592"]
[EventDate "2019.03.18"]
[Board "59"]
[PlyCount "79"]

1.d4 Nf6 2.c4 e6 3.g3 Bb4+ 4.Bd2 a5 5.Bg2 d6 6.Nf3 Nbd7 7.O-O e5 8.e3 c6 
9.Bc1 e4 10.Ng5 d5 11.c5 h6 12.Nh3 a4 13.a3 Ba5 14.Qxa4 Nf8 15.b4 Bxh3 16.
Bxh3 Bc7 17.Qc2 h5 18.Nc3 h4 19.g4 N8h7 20.f4 exf3 21.Qf5 O-O 22.Qxf3 Ng5 
23.Qg2 Nfe4 24.Nxe4 dxe4 25.Bd2 Re8 26.a4 Re6 27.a5 Rf6 28.Rxf6 Qxf6 29.
Rf1 Qe6 30.Rf5 f6 31.Qf1 Qa2 32.Rf2 Nf3+ 33.Kh1 Nxh2 34.Qc1 Nf3 35.Bf1 Kh8
36.Bc4 Qa4 37.Bc3 Rxa5 38.Qb1 Qa3 39.Qxe4 Ra8 40.Qg6 1-0

[Event "20th EUR-ch"]
[Site "Skopje MKD"]
[Date "2019.03.29"]
[Round "11"]
[White "Wagner, Dennis"]
[Black "Diermair, Andreas"]
[Result "1-0"]
[WhiteElo "2580"]
[BlackElo "2478"]
[EventDate "2019.03.18"]
[Board "60"]
[PlyCount "97"]

1.Nf3 d5 2.b3 Bg4 3.e3 Nd7 4.h3 Bh5 5.Bb2 c6 6.d3 Qc7 7.g4 Bg6 8.Nh4 e5 9.
Nd2 O-O-O 10.Bg2 Be7 11.Nxg6 hxg6 12.Qe2 Kb8 13.a3 f5 14.c4 d4 15.b4 Nb6 
16.exd4 Na4 17.Nb3 exd4 18.O-O-O Bf6 19.Rde1 Ne7 20.Qd2 Be5 21.Rxe5 Qxe5 
22.f4 Qe3 23.Bxd4 Qxd2+ 24.Kxd2 Nb6 25.g5 Nd7 26.Bxg7 Rh7 27.Bd4 Nc8 28.a4
a6 29.h4 Re8 30.Bf3 Kc7 31.a5 Nd6 32.Nc5 Ree7 33.h5 gxh5 34.g6 Rh6 35.g7 
Rg6 36.Rxh5 Nxc5 37.bxc5 Ne8 38.Rxf5 Nxg7 39.Rf8 Ne6 40.Be5+ Kd7 41.Rb8 
Nxc5 42.Ke2 Ke6 43.d4 Nb3 44.d5+ cxd5 45.cxd5+ Kf7 46.Bh5 Nd4+ 47.Kd3 Nf5 
48.Rh8 Ng3 49.Bxg6+ 1-0

[Event "20th EUR-ch"]
[Site "Skopje MKD"]
[Date "2019.03.29"]
[Round "11"]
[White "Buhmann, Rainer"]
[Black "Jurcik, Marian"]
[Result "1/2-1/2"]
[WhiteElo "2568"]
[BlackElo "2474"]
[EventDate "2019.03.18"]
[Board "61"]
[PlyCount "81"]

1.e4 c5 2.Nf3 e6 3.d4 cxd4 4.Nxd4 a6 5.c4 Nf6 6.Nc3 Qc7 7.Be2 Bb4 8.O-O 
O-O 9.Bg5 Bxc3 10.Bxf6 Bb4 11.Bg5 Nc6 12.Be3 Nxd4 13.Qxd4 d6 14.Rfd1 e5 
15.Qb6 Qxb6 16.Bxb6 Be6 17.h3 Rac8 18.b3 Bc5 19.Bxc5 dxc5 20.Rd6 Rfd8 21.
Rad1 Rxd6 22.Rxd6 Kf8 23.Bg4 Bxg4 24.hxg4 Ke7 25.Rd5 Ke6 26.g3 f6 27.Kg2 
b6 28.f4 g5 29.Kf3 h6 30.Rd1 Ke7 31.Ke3 Rg8 32.Kf3 Ke6 33.Rh1 Rh8 34.Ke3 
Rh7 35.Rb1 a5 36.Rd1 Rh8 37.Rh1 Rh7 38.a3 Rh8 39.Rh2 Rh7 40.Rh1 Rh8 41.Rh2
1/2-1/2

[Event "20th EUR-ch"]
[Site "Skopje MKD"]
[Date "2019.03.29"]
[Round "11"]
[White "Gumularz, Szymon"]
[Black "Santos Ruiz, Miguel"]
[Result "1-0"]
[WhiteElo "2473"]
[BlackElo "2560"]
[EventDate "2019.03.18"]
[Board "62"]
[PlyCount "33"]

1.d4 Nf6 2.c4 e6 3.Nc3 Bb4 4.Qc2 O-O 5.a3 Bxc3+ 6.Qxc3 d5 7.Nf3 dxc4 8.
Qxc4 b6 9.h4 Ba6 10.Qc2 Qd6 11.h5 h6 12.Rh4 Qc6 13.Qxc6 Nxc6 14.g4 Rfe8 
15.g5 hxg5 16.Bxg5 e5 17.Rc1 1-0

[Event "20th EUR-ch"]
[Site "Skopje MKD"]
[Date "2019.03.29"]
[Round "11"]
[White "Schreiner, Peter"]
[Black "Martinovic, Sasa"]
[Result "1/2-1/2"]
[WhiteElo "2471"]
[BlackElo "2558"]
[EventDate "2019.03.18"]
[Board "63"]
[PlyCount "49"]

1.d4 d5 2.c4 c6 3.Nf3 Nf6 4.Nc3 e6 5.Bg5 h6 6.Bxf6 Qxf6 7.e3 Nd7 8.Bd3 
dxc4 9.Bxc4 g6 10.O-O Bg7 11.e4 e5 12.d5 Nb6 13.Bb3 Bg4 14.Rc1 O-O 15.h3 
Bxf3 16.Qxf3 Qxf3 17.gxf3 Rfc8 18.dxc6 Rxc6 19.Nd5 Bf8 20.Nxb6 axb6 21.Bd5
Rxc1 22.Rxc1 Bc5 23.Kf1 Kf8 24.Ke2 Ke7 25.a3 1/2-1/2